000 00818nam a2200241Ia 4500
999 _c54285
_d54285
001 21341
003 GE_BSU
005 20210909155157.0
008 181216s2017||||ru |||||||||||||| ||rus||
020 _a9785699951482
040 _cGE_BSU
041 _arus
080 _a327(470)+327(73) П-80
100 _aПрокопенко, И.
_912414
245 _aПротивостояние с Америкой Новая "Холодная война"? /
_cИ. Прокопенко.
264 _aМосква :
_bИздательство "Э",
_c2017.
300 _a267 стр. 21см.
500 _aПослесловие стр.286-287
541 _h44 Л.
653 _aПолитика
653 _aПротивостояние с Америкой Новая "Холодная война"?
942 _cBK
_2udc